000 03398cam a2200409 4500500
005 20251228051952.0
041 _afre
042 _adc
100 1 0 _aAkimoto, Shingo
_eauthor
245 0 0 _aLa juridicisation de la politique chez Bodin, héritier de Machiavel
260 _c2019.
500 _a41
520 _aCet article a pour objectif d’approfondir la manière dont Jean Bodin élabore la théorie de l’état ( status) des Républiques comme instrument de la lecture méthodique de l’histoire dans sa Methodus ad facilem historiarum cognitionem (1566 ; 1572), en reprenant ce que Machiavel a développé au sujet de l’état ( stato) à travers l’analyse comparée de l’histoire romaine avec la réalité florentine dans les Discorsi (c. 1517). Pour éclairer l’élaboration théorique de l’État ( status / stato) chez ces deux auteurs, nous nous penchons sur leur interprétation du pouvoir des tribuns de la plèbe à Rome en fonction de leur regard sur la structure sociale romaine. Si les tribuns ont fait découvrir à Machiavel l’essence de la politique, ils donnent à Bodin la possibilité de la rendre juridique et de cristalliser la théorie du summum imperium (souveraineté). C’est sur cette théorie que Bodin fonde l’état des Républiques. Nous nous proposons ainsi de montrer que l’interprétation de l’histoire romaine a une conséquence majeure sur la théorie politique moderne de la souveraineté.
520 _aThis article endeavors to deepen the way in which Jean Bodin elaborates the theory of the status of the Republics as an instrument for the methodical reading of history in his Methodus ad facilem historiarum cognitionem (1566, 1572), in revisiting Machiavelli's developments on the state (stato) through a comparative analysis of Roman history with the Florentine reality in the Discorsi (1517). To shed light on the theoretical framework of the state (status / stato) in these two authors, we examine their interpretations of the power of the tribunes of the plebs in Rome as a function of their view of the Roman social structure. If the tribunes have made Machiavelli discover the essence of politics, they provide Bodin the opportunity to make it juridical and to crystallize the theory of summum imperium (sovereignty). It is on this theory that Bodin founds the state of the republics. We propose to show that the interpretation of Roman history is highly consequential for the modern political theory of sovereignty.
690 _a)
690 _alex Valeria de provocatione
690 _amodi ordinari
690 _amoyens ordinaires (
690 _aprovocatio ad populum
690 _asouveraineté (
690 _astatus/stato
690 _asummum imperium
690 _atribuni plebis
690 _atribuns de la plèbe (
690 _a)
690 _alex Valeria de provocatione
690 _amodi ordinari
690 _aordinary means (
690 _aprovocatio ad populum
690 _asovereignty (
690 _astatus/stato
690 _asummum imperium
690 _atribuni plebis
690 _atribuns of the plebs (
786 0 _nRevue des sciences philosophiques et théologiques | 102 | 2 | 2019-01-16 | p. 235-249 | 0035-2209
856 4 1 _uhttps://shs.cairn.info/revue-des-sciences-philosophiques-et-theologiques-2018-2-page-235?lang=fr&redirect-ssocas=7080
999 _c1582561
_d1582561